| 000 | 00584nam a2200205 a 4500 | ||
|---|---|---|---|
| 005 | 20230915063539.0 | ||
| 008 | 040504s2000 mx r 000 0 spa d | ||
| 020 | _a8466300031 | ||
| 035 | _aUPN01000133303 | ||
| 049 | _aCG | ||
| 050 | 4 |
_aPQ6666 E7.65 _bA8.8 |
|
| 100 | 1 |
_aPérez-Reverte, Arturo, _d1951- _928615 |
|
| 245 | 1 | 3 |
_aUn asunto de honor : _bcachito / _cArturo Pérez Reverte. |
| 260 |
_aMadrid : _bSuma de Letras, _c2000. |
||
| 300 | _a122 p. | ||
| 440 | 0 |
_aPunto de lectura ; _v1.2 |
|
| 650 | 4 |
_aNovela española _ySiglo XX _99779 |
|
| 740 | 0 | _aCachito | |
| 905 | _aLibro | ||
| 999 |
_c105455 _d105455 |
||